00515nam a2200169Ia 4500003000900000008004100009020001800050040001600068080001200084100002000096245009600116260003300212300001400245490005500259650001900314650001200333IN-BaIIA211028s9999 xx 000 0 eng d a0-08-029147-3 cIIA Library a53bGIN aGinzburg, V. L. 0aWaynflete lectures on physicscV. L. Ginzburg  aOxfordbPergamon Pressc1983 avi, 130p. aInternational series in natural philosophy; v. 106 aNASA Thesaurus aPhysics